Movies Quiz

Random Movies or Star Trek Quiz

Star Trek Films Quiz Stats

 Plays Quiz Updated Jan 14, 2019

     
Support Sporcle.
Go Orange.
Score 0/13 Timer 03:00
12 Plays Today
Year Film % Correct
1979Star Trek: The Motion Picture
96.1%
1982Star Trek II: The Wrath of Khan
90.4%
2009Star Trek
85.3%
1984Star Trek III: The Search for Spock
83.7%
2013Star Trek Into Darkness
76.9%
1994Star Trek Generations
76.1%
1986Star Trek IV: The Voyage Home
71.9%
2002Star Trek: Nemesis
71%
1996Star Trek: First Contact
70.7%
1991Star Trek VI: The Undiscovered Country
65.2%
2016Star Trek Beyond
62.9%
1989Star Trek V: The Final Frontier
62.7%
1998Star Trek: Insurrection
62.3%

From the Vault

Obscure Knowledge - US States

by PenguinsMeercats

Even the least-guessed state is well-known.
Remove Ads.
Support Sporcle.
Get the best of Sporcle when you Go Orange. This ad-free experience offers more features, more stats, and more fun while also helping to support Sporcle. Thank you for becoming a member.

Show Comments

Extras

Top Quizzes Today


Score Distribution

Your Account Isn't Verified!

In order to create a playlist on Sporcle, you need to verify the email address you used during registration. Go to your Sporcle Settings to finish the process.

Report this User

Report this user for behavior that violates our Community Guidelines.

Details: